000 00810cam a2200277 i 4500
001 768714001
003 CO-MdBIC
005 20231124123025.0
008 231124t1987 sp ||||| |||| 00| 0 spa d
020 _a84-301-1029-1
040 _bspa.
_aCO-MdFUSB
_cCO-MdFUSB
_dCO-MdFUSBC
_erda
041 _aspa
082 0 4 _aG 231.3 G7486e
100 1 _aGranado, Carmelo
245 1 0 _aEl Espíritu Santo en la teología patrística / Carmelo Granado
_c/
264 1 _aSalamanca, España : Sígueme
_bEdiciones Sígueme,
_c[1987]
264 4 _c©1987
300 _a249 Pag
_c;
336 _atexto
_btxt
_2rdacontent
337 _2rdamedia
_asin mediación
_bn
338 _2rdacarrier
_avolumen
_bnc
650 0 _aEspíritu Santo
_950
650 7 _aPadres de la Iglesia
_959
942 _cBK
945 _aJohan1477
999 _c34444
_d34444